[Event "Wroclaw Anderssen Memorial"]
[Site "Wroclaw"]
[Date "2020.08.09"]
[Round "3"]
[White "Butkiewicz, Piotr"]
[Black "Dwilewicz, Katarzyna"]
[Result "0-1"]
[WhiteElo "1282"]
[BlackElo "2120"]
[PlyCount "84"]
[EventDate "2020.08.09"]
[EventType "swiss"]
[EventRounds "11"]
[EventCountry "POL"]
[SourceTitle "CBM 197 Extra"]
[Source "ChessBase"]
[SourceDate "2020.09.30"]
[SourceVersion "1"]
[SourceVersionDate "2020.09.30"]
[SourceQuality "1"]

1. e4 e5 2. Nf3 Nc6 3. Bc4 Bc5 4. c3 Nf6 5. d4 exd4 6. e5 d5 7. Bb5 Ne4 8. cxd4 Bb6 9. Nc3 Bg4 10. Be3 0-0 11. Bxc6 bxc6 12. h3 Be6 13. Nxe4 dxe4 14. Ng5 Ba5+ 15. Kf1 Bc4+ 16. Kg1 Qd5 17. h4 h6 18. Nh3 Bb6 19. Nf4 Qd7 20. Rc1 Bd5 21. Nxd5 cxd5 22. Rh3 f5 23. Bf4 Rae8 24. Rg3 Re6 25. Qh5 Qf7 26. Qe2 Bxd4 27. Qc2 c5 28. Qb3 Rb6 29. Qd1 Rxb2 30. Rc2 Rfb8 31. Bxh6 Bxe5 32. Bc1 Rxc2 33. Qxc2 Bxg3 34. fxg3 Rc8 35. a4 d4 36. Bf4 c4 37. a5 c3 38. a6 d3 39. Qb1 c2 40. Qb7 c1Q+ 41. Bxc1 Rxc1+ 42. Kh2 Qxb7 0-1

[Event "World School-ch U13"]
[Site "Antalya"]
[Date "2019.04.24"]
[Round "7"]
[White "Nessipbayev, Bekmukhamed"]
[Black "Butkiewicz, Piotr"]
[Result "1-0"]
[WhiteElo "1586"]
[BlackElo "1211"]
[PlyCount "59"]
[EventDate "2019.04.18"]
[EventType "swiss"]
[EventRounds "9"]
[EventCountry "TUR"]
[SourceTitle "CBM 190 Extra"]
[Source "ChessBase"]
[SourceDate "2019.07.15"]
[SourceVersion "1"]
[SourceVersionDate "2019.07.15"]
[SourceQuality "1"]

1. e4 e5 2. Nf3 Nc6 3. Bb5 a6 4. Bxc6 dxc6 5. d4 exd4 6. Qxd4 Bg4 7. Qxd8+ Rxd8 8. Be3 Nf6 9. Nbd2 Bxf3 10. gxf3 g6 11. Bg5 Be7 12. Bf4 Rd7 13. 0-0-0 0-0 14. Nc4 Rfd8 15. Rxd7 Rxd7 16. Rd1 Rxd1+ 17. Kxd1 Bc5 18. Ke2 Bb6 19. a4 Nh5 20. Bg3 Nxg3+ 21. fxg3 Bd4 22. c3 Bf6 23. Na5 b5 24. Nxc6 bxa4 25. Nb4 a5 26. Nd5 Bd8 27. c4 c5 28. Nc3 Bf6 29. Nxa4 Bd4 30. Kd3 1-0